LEADER 01477nam a2200313 u 4500 001 000000000730 003 CaOOAMICUS 005 20070226104231.0 008 940919s1968 ne u000 u lat u 035 $a10013988 040 $aPUL(R)$bita 041 1 $alat$agrc 100 0 $aAristoteles,$d384-322 a.C.$0(OLS)http://pul/name/792 240 10$aAnalytica posteriora$9(Aristoteles, 384-322 a.C.).$lLatino.$0(OLS)http://pul/title/1035 245 10$aAnalytica posteriora /$ctranslatione Iacobi, Anonymi sive 'Ioannis', Gerardi, et recensio Guillelmi de Moerbeka ; ediderunt Laurentius Minio-Paluello et Bernardus G. Dod. 250 $a2a et 3a ed. altera. 260 $aBruges :$bDesclée De Paris,$c1968. 300 $alxxxiii, 446 p. ;$c26 cm 490 1 $aCorpus philosophorum Medii Aevi Academiarum consociatarum auspiciis et consilio editum. Aristoteles latinus ;$vIV, 1-4 500 $aComprende indici. 504 $aBibliografia in nota. 830 0$aCorpus philosophorum Medii Aevi.$pAristoteles latinus ;$vIV, 1-4.$0(OLS)http://pul/title/996 850 $aPUL 852 $aPUL$W1$xSL Filosofia 1$y2$m82 M 1.4.1-4$j190217$nBK-PRI$b $qStampati$B933$CPULBib$Z2$F933 $H32729 $81 900 $aAristotle,$d 384-322 a.C.$9792 900 $aAristotele,$d384-322 a.C.$9792 941 1 $a8 996 $6245$aAnalytica posteriora$9(OLS)http://pul/title/1036 996 $6260$aBruges :$bDesclée De Paris$9(OLS)http://pul/publisher/48304 LEADER 01238nam a2200301 u 4500 001 000000065983 003 CaOOAMICUS 005 20070226121526.0 008 011219s1988 fr u000 u fre u 020 $a2204027995 035 $a10914751 040 $aPUL$bita 041 1 $afre$hger 100 1 $aMoltmann, Jürgen,$d1926-2024.$0(OLS)http://pul/name/12676 245 10$aDieu dans la création :$btraité écologique de la création /$cJürgen Moltmann ; traduit de l'allemand par Morand Kleiber. 260 $aParis :$bCerf,$c1988. 300 $a419 p. ;$c25 cm 490 1 $aCogitatio fidei ;$v146 500 $aContiene indice delle materie. 504 $aBibliografia in nota. 650 4$aCreazione.$0(OLS)http://pul/subject/1621 830 0$aCogitatio fidei ;$v146.$0(OLS)http://pul/title/876 850 $aPUL 852 $aPUL$W1$xSL Religione 2$y84$mTheol A13 146$j123368$qStampati Altre Collocazioni$B85339$CPULBib$Z2$F85339 $H86316 $82 941 1 $a10 996 $6020$a2204027995$9(OLS)http://pul/number/85574 996 $6245$aDieu dans la création :$btraité écologique de la création$9(OLS)http://pul/title/87675 996 $6260$aParis :$bCerf$9(OLS)http://pul/publisher/48238